• 首页
  • 本馆介绍
  • 公告通知
  • 最新文献
  • 馆藏检索
  • 电子资源
  • 读者导购
  • 参考咨询
  • 我的图书馆
  • 登录
  • 详细信息显示
  • 放入我的书架
  • 预约/预借图书
  • 作者相关作品
  • 分类相关作品
  • 丛书相关作品
  • 出版社相关作品

书目信息

  • 表格格式
  • 工作单格式
  • 卡片格式
题名:
民国初期中学国文教科书外国翻译作品研究
    
 
作者: 管贤强 著
分册:  
出版信息: 北京   社会科学文献出版社  2019
页数: 278页
开本: 21cm
丛书名:
单 册:
中图分类: G633.302 , I106
科图分类:
主题词: 中学语文课--zhong xue yu wen ke--教材--研究--中国 , 外国文学--wai guo wen xue--文学研究
电子资源:
ISBN: 978-7-5201-4134-5
000 01488nam0 2200301 450
001 012001004098
005 20131016110656.0
010    @a978-7-5201-4134-5@dCNY79.00
099    @aCAL 012019053187
100    @a20190411d2019 ekmy0chiy50 ea
101 0  @achi
102    @aCN@b110000
105    @aak z 000yy
106    @ar
200 1  @a民国初期中学国文教科书外国翻译作品研究@Amin guo chu qi zhong xue guo wen jiao ke shu wai guo fan yi zuo pin yan jiu@f管贤强著
210    @a北京@c社会科学文献出版社@d2019
215    @a278页@c图、表@d21cm
300    @a本书由苏州大学优势学科项目和苏州大学重点学科项目资助。
314    @a管贤强,苏州大学文学院讲师。
330    @a本书从四个方面展开研究:“追本溯源”,通过呈现首次编选时教科书外国翻译作品及文学的面貌,力图勾勒面貌背后的发生动因;“宏大叙事”刻画了当时各个出版社所编教科书中外国翻译作品的多元丰富面貌,并讨论教育思潮、课程文件等外部因素与教科书选文的互动关系;“洞幽知微”,是从选文内部观察其如何从社会文本转变为教学文本;“研究教学”阐释社会文化如何通过教科书选文及研究最终介入学生的个人生活,成为其生命成长的持续影响因素。
333    @a民国教育、语文教育、中学语文教材研究及相关领域的学者、研究人员,各大院校相关专业师生,对此感兴趣的读者。
606 0  @a中学语文课@Azhong xue yu wen ke@j教材@x研究@y中国
606 0  @a外国文学@Awai guo wen xue@x文学研究
690    @aG633.302@v5
690    @aI106@v5
701  0 @a管贤强@Aguan xian qiang@4著
801    @b江苏凤凰@c20191020
905    @b1234776-80@dG633.302@e747@f5
    
    民国初期中学国文教科书外国翻译作品研究/管贤强著.-北京:社会科学文献出版社,2019
    278页:图、表;21cm
    本书由苏州大学优势学科项目和苏州大学重点学科项目资助。.-使用对象:民国教育、语文教育、中学语文教材研究及相关领域的学者、研究人员,各大院校相关专业师生,对此感兴趣的读者。
    
    ISBN 978-7-5201-4134-5:CNY79.00
    本书从四个方面展开研究:“追本溯源”,通过呈现首次编选时教科书外国翻译作品及文学的面貌,力图勾勒面貌背后的发生动因;“宏大叙事”刻画了当时各个出版社所编教科书中外国翻译作品的多元丰富面貌,并讨论教育思潮、课程文件等外部因素与教科书选文的互动关系;“洞幽知微”,是从选文内部观察其如何从社会文本转变为教学文本;“研究教学”阐释社会文化如何通过教科书选文及研究最终介入学生的个人生活,成为其生命成长的持续影响因素。
●
相关链接 在E读中查询图书 在五车中查询图书 在当当中查询图书 在豆瓣中查询图书


正题名:民国初期中学国文教科书外国翻译作品研究     索取号:G633.302/747         预约/预借

序号 登录号 条形码 馆藏地/架位号 状态 备注
1 1234776   212347762   第一样本阅览室/ [索取号:G633.302/747] 在馆    
2 1234777   212347771   第四借阅区/ [索取号:G633.302/747] 在馆    
3 1234778   212347780   第四借阅区/ [索取号:G633.302/747] 在馆    
4 1234779   212347799   教育系资料室/ [索取号:G633.302/747] 在馆    
5 1234780   212347806   教育系资料室/ [索取号:G633.302/747] 在馆    
唐山师范学院图书馆 欢迎您!
大连网信软件有限公司© 版权所有